00972nab a2200193 i 4500001001000000003001000010005001700020008004100037040003000078041000800108100003300116245009100149300007200240520025600312650004900568773013600617942000800753999001700761768714001CO-MdFUSB20240426093028.0240425t1980 us ||||| |||| 00| 0 eng d bspacCO-MdFUSBdCO-MdFUSB aspa aHalverson, Richard C.eautor14aThe pastor and the board :bmaintaining a healthy relationshipc/ Richard C. Halverson aVolumen 1, número 1 (winter, 1980), páginas: 133 - 136c; 27 cm aEl pastor y la junta: manteniendo una relación sana El discipulado es la clave del pastor para tener una iglesia fuerte y saludable. El método es el camino sencillo de Jesús con los doce. El grupo con el cual comenzar es la junta de la iglesia.  7aTeología pastoral y unidad cristiana971830 068780982543oR2477tLeadership : w(CO-MdFUSB)768714001gVolumen 1, número 1 (winter, 1980), páginas: 133 - 136qpágina: 133 cANA c69362d69362